[Event "2019 NA Class C, Rd 1,S93011"]
[Site "CCLA"]
[Date "2019.04.22"]
[Round "1"]
[White "Cangelosi, Dominic"]
[Black "Lartigue, Jonathan"]
[Result "0-1"]
[WhiteElo "1463"]
[BlackElo "1661"]

1. d4 Nf6 2. c4 e6 3. Nc3 Bb4 4. Qb3 c5 5. dxc5 Nc6 6. Nf3 Ne4 7. Bd2 Nxd2
8. Nxd2 Bxc5 9. e3 f5 10. Be2 O-O 11. O-O b6 12. Qd1 Bb7 13. Bf3 Qc7 14. 
g3 a6 15. Bg2 Ne5 16. Bxb7 Qxb7 17. Qe2 Rac8 18. Nd1 Rc7 19. f4 Ng4 20. 
Rf3 Rf6 21. h3 Rh6 22. Kg2 Nf6 23. Nf2 Rg6 24. Nh1 Bb4 25. Nf1 Ne4 26. a3 
Be7 27. Nh2 Bh4 28. g4 fxg4 29. hxg4 b5 30. Kf1 Ng3+ 31. Nxg3 Bxg3 32. 
Rxg3 Qh1+ 33. Rg1 Qe4 34. cxb5 Rc2 35. Qf3 Qd3+ 36. Ke1 Rxh2 37. b6 Rxb2 
38. Rd1 Qc3+ 39. Kf1 d5 40. Rg2 Rxb6 41. Rgd2 Qxa3 42. Rxd5 exd5 43. Qxd5+
Rge6 44. f5 Qxe3 45. Qa8+ Re8 46. Qd5+ Kh8 47. Qd8 Qe2+ 48. Kg1 Qxg4+ 0-1

[Event "2019 NA Class C, Rd 1,S93011"]
[Site "CCLA"]
[Date "2019.04.22"]
[Round "1"]
[White "Cangelosi, Dominic"]
[Black "Sanchez, David A."]
[Result "0-1"]
[WhiteElo "1463"]
[BlackElo "1430"]

1. d4 c5 2. d5 Nf6 3. c4 e6 4. Nc3 exd5 5. cxd5 d6 6. Nf3 g6 7. Bf4 Bg7 8.
 Nb5 Qa5+ 9. Nc3 Ne4 10. Qa4+ Qxa4 11. Nxa4 b5 12. Nxc5 dxc5 13. e3 Bxb2 
14. Bxb5+ Bd7 15. Bxd7+ Nxd7 16. Rb1 Bc3+ 17. Ke2 O-O-O 18. Kd3 Nxf2+ 0-1

[Event "2019 NA Class C, Rd 1,S93011"]
[Site "CCLA"]
[Date "2019.04.22"]
[Round "1"]
[White "Cangelosi, Dominic"]
[Black "Moujan, Pablo"]
[Result "1-0"]
[WhiteElo "1463"]
[BlackElo "1406"]

1. d4 g6 2. c4 Bg7 3. Nc3 c5 4. Nf3 cxd4 5. Nxd4 Nc6 6. e3 Nf6 7. Bd3 d5 
8. O-O O-O 9. Qb3 Na5 10. Qb4 a6 11. Bd2 Rb8 12. Nxd5 Nxd5 13. Qxa5 Qd6 
14. Qxd5 Qxd5 15. cxd5 Rd8 16. Bxa6 Rxd5 17. Bc4 Rd8 18. Bc3 e5 19. Nf3 
Re8 20. Ng5 Rf8 21. Bb4 Bf5 22. Bxf8 Kxf8 23. Nxh7+ Ke7 24. Ng5 f6 25. Nf3
b5 26. Be2 b4 27. Rfc1 Rb7 28. Ba6 Ra7 29. Bc8 Be6 30. Bxe6 Kxe6 31. Rc4 
Bf8 32. b3 Rd7 33. Ne1 f5 34. Nc2 g5 35. Nxb4 Bxb4 36. Rxb4 1-0

[Event "2019 NA Class C, Rd 1,S93011"]
[Site "CCLA"]
[Date "2019.04.22"]
[Round "1"]
[White "Moujan, Pablo"]
[Black "Taylor, Ronald D."]
[Result "1/2-1/2"]
[WhiteElo "1406"]
[BlackElo "1386"]

1. d4 d5 2. Nf3 c6 3. c4 dxc4 4. e3 b5 5. a4 e6 6. axb5 cxb5 7. b3 Bb4+ 8.
 Bd2 Bxd2+ 9. Nbxd2 a5 10. bxc4 b4 11. Ne5 Nf6 12. c5 O-O 13. Bd3 Nbd7 14.
 Qc2 g6 15. Ndc4 Nxe5 16. Nxe5 Nd7 17. Nc6 Qc7 18. Ne7+ Kg7 19. Nxc8 Rfxc8
20. O-O e5 21. Rfc1 exd4 22. exd4 Nf6 23. Be2 Nd5 24. Bf3 Qc6 25. Qe4 Rd8 
26. Qe5+ f6 27. Bxd5 Rxd5 28. Qe7+ Kg8 29. Rc4 Rad8 30. Re1 Rxd4 31. Rxd4 
Rxd4 32. Qa7 Rc4 33. Qb8+ Kg7 34. Re7+ Kh6 35. h4 Rxh4 36. Qg3 Rh5 37. 
Qe3+ Rg5 38. Qh3+ Rh5 1/2-1/2

[Event "2019 NA Class C, Rd 1,S93011"]
[Site "CCLA"]
[Date "2019.04.22"]
[Round "1"]
[White "Moujan, Pablo"]
[Black "Lartigue, Jonathan"]
[Result "0-1"]
[WhiteElo "1406"]
[BlackElo "1661"]

1. d4 Nf6 2. Nf3 g6 3. g3 Bg7 4. Bg2 O-O 5. O-O d6 6. a4 Bg4 7. Nc3 Nc6 8.
 h3 Bxf3 9. Bxf3 d5 10. Re1 e5 11. Bg5 e4 12. Bg2 Qd6 13. Qd2 a6 14. e3 
Rae8 15. Ne2 b6 16. Nf4 a5 17. Rec1 Nd7 18. c4 h6 19. cxd5 Nb4 20. Nxg6 
Qxg6 21. Bf4 Nf6 22. Bxc7 Nfxd5 23. Rc4 Rc8 24. Rac1 Nd3 25. R1c2 N3b4 26.
 Rc1 h5 27. h4 Qe6 28. Qe2 Nd3 29. R1c2 N5b4 30. Bxb6 Rxc4 31. Rxc4 Qxc4 
32. Bxe4 Qc1+ 33. Qf1 Qxb2 34. Bxa5 Rc8 35. Qg2 Rc1+ 36. Kh2 Nxf2 37. g4 
Be5+ 38. dxe5 Qxe5+ 39. Qg3 Nxg4+ 40. Kh3 Qxe4 41. Qb8+ Kh7 42. Qf4 Qh1+ 
0-1

[Event "2019 NA Class C, Rd 1,S93011"]
[Site "CCLA"]
[Date "2019.04.22"]
[Round "1"]
[White "Moujan, Pablo"]
[Black "Sanchez, David A."]
[Result "1-0"]
[WhiteElo "1406"]
[BlackElo "1430"]

1. d4 Nf6 2. Nf3 g6 3. g3 Bg7 4. Bg2 O-O 5. O-O d5 6. c4 c6 7. Qb3 Nbd7 8.
 cxd5 cxd5 9. Nc3 Nb6 10. Bf4 a6 11. Ne5 e6 12. a4 Nfd7 13. Rad1 Nxe5 14. 
Bxe5 Nc4 15. Bxg7 Kxg7 16. e4 Qb6 17. Qxb6 Nxb6 18. exd5 exd5 19. f4 Be6 
20. a5 Nc4 21. Bxd5 Ne3 22. Bxb7 Ra7 23. Bxa6 Rxa6 24. d5 Bf5 25. b4 Rc8 
26. Nb5 Rc2 27. d6 Rg2+ 28. Kh1 Be4 29. Nc3 Rxd6 30. Nxe4 1-0

[Event "2019 NA Class C, Rd 1,S93011"]
[Site "CCLA"]
[Date "2019.04.22"]
[Round "1"]
[White "Moujan, Pablo"]
[Black "Cangelosi, Dominic"]
[Result "1/2-1/2"]
[WhiteElo "1406"]
[BlackElo "1463"]

1. d4 d5 2. Nf3 Nf6 3. c4 c6 4. e3 e6 5. Nbd2 Bb4 6. a3 Ba5 7. b4 Bc7 8. 
c5 O-O 9. Bd3 Nbd7 10. Qc2 Re8 11. Bb2 e5 12. e4 exd4 13. Bxd4 dxe4 14. 
Nxe4 Nxe4 15. Bxe4 f5 16. Qc4+ Kh8 17. O-O fxe4 18. Qf7 Rg8 19. Nd2 Bxh2+ 
20. Kxh2 Qh4+ 21. Kg1 Nf6 22. Bxf6 gxf6 23. Nxe4 Qxe4 24. Qxf6+ Rg7 
1/2-1/2

[Event "2019 North American Class C Champ., Section S93021"]
[Site "CCLA"]
[Date "2019.04.22"]
[Round "1"]
[White "Vecchio, Ralph"]
[Black "McLaughlin, Ed"]
[Result "1-0"]
[WhiteElo "1472"]
[BlackElo "1630"]

1. e4 c5 2. Nf3 a6 3. c3 d5 4. exd5 Qxd5 5. d4 e6 6. Be2 Nc6 7. O-O Nf6 8.
 c4 Qd8 9. Bg5 cxd4 10. Bd3 Be7 11. Nbd2 O-O 12. a3 h6 13. Bxf6 Bxf6 14. 
Re1 Qc7 15. Ne4 Be7 16. Ng3 Bd6 17. Ne4 Ne5 18. Nxd4 Nxd3 19. Qxd3 Bxh2+ 
20. Kf1 Be5 21. Nf3 Bxb2 22. Rab1 Bxa3 23. Qxa3 Qxc4+ 24. Kg1 Qc7 25. Rbc1
Qf4 26. g3 Qg4 27. Nh2 Qf5 28. Nd6 Qf6 29. Ng4 Qd8 30. Ne5 Qe7 31. Nec4 
Rb8 32. Ne5 b5 33. Nc6 Qc7 34. Nxc8 1-0

[Event "2019 North American Class C Champ., Section S93021"]
[Site "CCLA"]
[Date "2019.04.22"]
[Round "1"]
[White "Vecchio, Ralph"]
[Black "Gunning, Edward E."]
[Result "1/2-1/2"]
[WhiteElo "1472"]
[BlackElo "1474"]

1. e4 c5 2. Nf3 Nc6 3. Bc4 e6 4. Nc3 Nge7 5. d4 d5 6. exd5 exd5 7. Nxd5 
Nxd5 8. dxc5 Be6 9. Be3 Nxe3 10. Qxd8+ Rxd8 11. fxe3 Bxc4 12. Nd2 Nb4 13. 
O-O-O Bxa2 14. b3 Bxc5 15. Rhe1 O-O 16. Kb2 Rfe8 17. e4 f6 18. g4 b5 19. 
Rf1 a5 20. c3 Nd3+ 21. Kxa2 Ra8 22. Nb1 Red8 23. Rf3 Ne5 24. Rff1 Rxd1 25.
 Rxd1 b4 26. Rd5 Be3 27. c4 a4 28. c5 axb3+ 29. Kxb3 Nc6 30. Rd3 Bxc5 31. 
Rd5 Na5+ 32. Ka4 Nb7+ 33. Kb5 Bg1 34. Kxb4 Bxh2 35. Kc4 h6 36. Nd2 Rd8 37.
 Rxd8+ Nxd8 38. Nf3 Bf4 39. Nd4 Nf7 40. Nf5 g6 41. Ne7+ Kh7 42. Kd5 h5 43.
 gxh5 g5 44. Ke6 g4 45. Kxf7 g3 46. Nd5 Bg5 47. Nc3 g2 48. Ne2 Kh6 49. Ke6
Kxh5 50. Kf5 Kh4 51. Ng1 Kg3 52. e5 fxe5 53. Kxg5 e4 54. Kf5 e3 55. Ke4 
Kf2 56. Nh3+ Ke2 57. Nf4+ Kd2 58. Nxg2 e2 1/2-1/2

[Event "2019 North American Class C Champ., Section S93021"]
[Site "CCLA"]
[Date "2019.04.22"]
[Round "1"]
[White "Vecchio, Ralph"]
[Black "Hodgkins, Neil C."]
[Result "0-1"]
[WhiteElo "1472"]
[BlackElo "1474"]

1. e4 e5 2. Nf3 Nc6 3. Bb5 a6 4. Ba4 Nf6 5. O-O Bc5 6. d3 O-O 7. c3 d5 8. 
Bg5 Be6 9. exd5 Bxd5 10. Nbd2 b5 11. Bc2 Re8 12. b4 Be7 13. Re1 Nd7 14. c4
Bxf3 15. Nxf3 Bxg5 16. h4 Bf6 17. Qd2 e4 18. dxe4 Bxa1 19. Rxa1 bxc4 20. 
Ba4 Re6 21. Ng5 Rd6 22. Qf4 Nde5 23. Bxc6 Rf6 24. Qxe5 Rxc6 25. h5 Qf6 26.
 Qxf6 Rxf6 27. Rd1 h6 28. Nf3 Rd6 29. Rd4 Rxd4 30. Nxd4 Rd8 31. Ne2 Rd1+ 
32. Kh2 Rd2 33. Nc3 Rxf2 34. Kg3 Rd2 0-1

[Event "2019 North American Class C Champ., Section S93021"]
[Site "CCLA"]
[Date "2019.04.22"]
[Round "1"]
[White "Vecchio, Ralph"]
[Black "Nurmi, Ronald"]
[Result "0-1"]
[WhiteElo "1472"]
[BlackElo "1499"]

1. e4 d5 2. exd5 Qxd5 3. Nc3 Qd6 4. d4 Nf6 5. Nf3 c6 6. g3 Bf5 7. Bg2 h6 
8. O-O e6 9. Re1 Be7 10. Bf4 Qd8 11. Ne5 O-O 12. h3 Nbd7 13. g4 Bh7 14. g5
hxg5 15. Bxg5 Nd5 16. h4 Bxg5 17. hxg5 Nxe5 18. dxe5 Qxg5 19. Qf3 Bxc2 20.
 Rac1 Bg6 21. Kf1 Rad8 22. Nxd5 cxd5 23. Rc7 Rb8 24. Qe3 Qxe3 25. Rxe3 
Rfc8 26. Rec3 Rxc7 27. Rxc7 a6 28. Ke2 Kf8 29. Ke3 Ke8 30. Bf1 Kd8 31. Rc1
Rc8 32. Rxc8+ Kxc8 33. Kd4 Kc7 34. a4 Kc6 35. b4 Bc2 36. a5 Ba4 37. Bd3 f6
38. f4 Bd1 39. Bh7 Bg4 40. Bg8 b6 41. Bf7 fxe5+ 42. fxe5 bxa5 43. Kc3 
axb4+ 44. Kxb4 a5+ 45. Ka4 Kc5 46. Ka3 Kc4 47. Bg6 Kc3 48. Ka4 d4 49. Be8 
d3 50. Kxa5 d2 51. Ba4 d1=Q 0-1

[Event "2019 North American Class C Champ., Section S93021"]
[Site "CCLA"]
[Date "2019.04.22"]
[Round "1"]
[White "McLaughlin, Ed"]
[Black "Vecchio, Ralph"]
[Result "1-0"]
[WhiteElo "1630"]
[BlackElo "1472"]

1. c4 Nf6 2. Nc3 d5 3. cxd5 Nxd5 4. Nf3 Nxc3 5. bxc3 c5 6. g3 Nc6 7. Ba3 
e6 8. d4 b6 9. Bg2 Be7 10. Ne5 O-O 11. Nxc6 Qc7 12. Nxe7+ Qxe7 13. Bxa8 
Rd8 14. O-O Qf6 15. Qa4 a6 16. dxc5 b5 17. Qc2 e5 18. Be4 1-0

[Event "2019 North American Class C Champ., Section S93021"]
[Site "CCLA"]
[Date "2019.04.22"]
[Round "1"]
[White "McLaughlin, Ed"]
[Black "Gunning, Edward E."]
[Result "1-0"]
[WhiteElo "1630"]
[BlackElo "1474"]

1. c4 e5 2. Nc3 Nf6 3. d3 Nc6 4. Nf3 d5 5. cxd5 Nxd5 6. Bd2 Bg4 7. g3 Bxf3
8. exf3 a6 9. Bh3 Bc5 10. O-O O-O 11. Ne4 Bb4 12. a3 Bxd2 13. Qxd2 Nd4 14.
 Qd1 b6 15. Rc1 f5 16. Nc3 c6 17. Nxd5 Qxd5 18. Bg2 f4 19. g4 Rf6 20. Re1 
Rh6 21. Re4 b5 22. b4 Ne6 23. Qe2 Nd4 24. Qe1 Nb3 25. Rxe5 Qd8 26. Rd1 Rd6
27. Qe4 Nd4 28. Qxf4 Ne6 29. Qe3 Qf6 30. Re1 Re8 31. f4 g6 32. f5 gxf5 33.
 gxf5 Ng7 34. Rxe8+ Nxe8 35. Qxe8+ Qf8 36. Qxf8+ Kxf8 37. Be4 1-0

[Event "2019 North American Class C Champ., Section S93021"]
[Site "CCLA"]
[Date "2019.04.22"]
[Round "1"]
[White "McLaughlin, Ed"]
[Black "Hodgkins, Neil C."]
[Result "1-0"]
[WhiteElo "1630"]
[BlackElo "1474"]

1. d4 Nf6 2. Nf3 g6 3. Nbd2 Bg7 4. e4 d6 5. c3 Nc6 6. Bc4 O-O 7. O-O Bg4 
8. h3 Bd7 9. Re1 e6 10. a3 d5 11. Bd3 dxe4 12. Nxe4 Re8 13. Bg5 a6 14. Ne5
h6 15. Nxf6+ Bxf6 16. Bxf6 Qxf6 17. Nxd7 Qe7 18. Nc5 Rab8 19. Qg4 h5 20. 
Qg3 a5 21. Bxg6 fxg6 22. Rxe6 Qxe6 23. Nxe6 Rxe6 24. d5 Rd6 25. dxc6 Rxc6 
26. Re1 Rd6 27. Re5 b6 28. Rxh5 Re8 29. Re5 Red8 30. Rg5 R8d7 31. Rxg6+ 
Rxg6 32. Qxg6+ Rg7 33. Qe8+ Kh7 34. g4 Rg8 35. Qxg8+ Kxg8 36. f4 Kf7 37. 
h4 c5 38. h5 b5 39. g5 b4 40. f5 bxc3 41. bxc3 1-0

[Event "2019 North American Class C Champ., Section S93021"]
[Site "CCLA"]
[Date "2019.04.22"]
[Round "1"]
[White "McLaughlin, Ed"]
[Black "Nurmi, Ronald"]
[Result "1-0"]
[WhiteElo "1630"]
[BlackElo "1499"]

1. c4 e5 2. Nc3 Nf6 3. d3 d5 4. cxd5 Nxd5 5. Bd2 Nc6 6. Nf3 Be7 7. g3 O-O 
8. Bg2 Be6 9. O-O Qd7 10. Rc1 Rac8 11. a3 f6 12. Ne4 b6 13. Qa4 a5 14. 
Qxc6 1-0

[Event "2019 North American Class C Champ., Section S93021"]
[Site "CCLA"]
[Date "2019.04.22"]
[Round "1"]
[White "Gunning, Edward E."]
[Black "Vecchio, Ralph"]
[Result "1-0"]
[WhiteElo "1474"]
[BlackElo "1472"]

1. e4 e5 2. Nf3 Nc6 3. Nc3 Nf6 4. d4 exd4 5. Nxd4 Bb4 6. f3 Nxd4 7. Qxd4 
Qe7 8. Bg5 c5 9. Qe3 d6 10. Bb5+ Bd7 11. O-O-O Bxc3 12. Bxd7+ Qxd7 13. 
Qxc3 Qe6 14. Kb1 h6 15. Bxf6 gxf6 16. Qa5 Rg8 17. Qc7 Qd7 18. Qxd6 Qxd6 
19. Rxd6 Kf8 20. g4 Kg7 21. b3 Rgd8 22. Rhd1 b6 23. Rxd8 1-0

[Event "2019 North American Class C Champ., Section S93021"]
[Site "CCLA"]
[Date "2019.04.22"]
[Round "1"]
[White "Gunning, Edward E."]
[Black "McLaughlin, Ed"]
[Result "0-1"]
[WhiteElo "1474"]
[BlackElo "1630"]

1. e4 c5 2. Nc3 a6 3. Nf3 b5 4. d4 cxd4 5. Nxd4 Bb7 6. f3 Nc6 7. Be3 e5 8.
 Nxc6 dxc6 9. Bd3 Nf6 10. O-O Be7 11. f4 Bd6 12. f5 O-O 13. a3 c5 14. Qf3 
Qc7 15. Bg5 Be7 16. Nd5 Nxd5 17. Bxe7 Nxe7 18. f6 Ng6 19. fxg7 Kxg7 20. 
Qf6+ Kg8 21. Qg5 Qe7 22. Qh6 Qh4 23. Qxh4 Nxh4 24. g3 Ng6 25. b3 Rad8 26. 
Rae1 Rd4 27. Rf5 f6 28. h4 c4 29. bxc4 bxc4 30. Bf1 Bxe4 31. Rf2 Bc6 32. 
Bh3 Bd7 33. Bxd7 Rxd7 34. h5 Ne7 35. g4 Kg7 36. Kh2 c3 37. Kh3 Nc6 38. Rg1
Rd2 39. Rf5 Nd4 40. h6+ Kg6 41. Rh5 Ne2 42. Rf5 Nxg1+ 0-1

[Event "2019 North American Class C Champ., Section S93021"]
[Site "CCLA"]
[Date "2019.04.22"]
[Round "1"]
[White "Gunning, Edward E."]
[Black "Hodgkins, Neil C."]
[Result "0-1"]
[WhiteElo "1474"]
[BlackElo "1474"]

1. e4 e5 2. Nc3 Nf6 3. Nf3 Nc6 4. d4 exd4 5. Nxd4 Nxd4 6. Qxd4 d6 7. f3 
Be7 8. Be3 O-O 9. O-O-O c5 10. Qc4 Be6 11. Qa4 a6 12. Nd5 Bd7 13. Qb3 Rb8 
14. Kb1 Nxd5 15. exd5 Re8 16. Bf4 Qc7 17. c4 Bf6 18. Bd3 b5 19. Qc2 bxc4 
20. Qxc4 Rxb2+ 21. Kc1 Bb5 22. Bxd6 Qxd6 23. Rhe1 Rxe1 24. Rxe1 Bxc4 25. 
Re8+ Qf8 26. Bxh7+ Kxh7 27. Rxf8 Bxd5 0-1

[Event "2019 North American Class C Champ., Section S93021"]
[Site "CCLA"]
[Date "2019.04.22"]
[Round "1"]
[White "Gunning, Edward E."]
[Black "Nurmi, Ronald"]
[Result "1-0"]
[WhiteElo "1474"]
[BlackElo "1499"]

1. e4 d5 2. exd5 Qxd5 3. Nc3 Qd6 4. d4 Nf6 5. Nf3 c6 6. Ne5 Nbd7 7. Bf4 
Nd5 8. Qd2 Nxf4 9. Qxf4 Nf6 10. O-O-O e6 11. Ne4 Nxe4 12. Qxe4 Be7 13. f4 
Bd7 14. Nxd7 Qxd7 15. g3 O-O-O 16. Bh3 Kb8 17. Qe5+ Bd6 18. Qxg7 Rdg8 19. 
Qh6 f5 20. Qh5 Re8 21. Qf3 h5 22. Rd3 Kc8 23. Rb3 Kb8 24. Bf1 Kc8 25. Qc3 
Kd8 26. Qa5+ b6 27. Qc3 h4 28. Bg2 c5 29. dxc5 bxc5 30. Qa5+ Ke7 31. Rb7 
1-0

[Event "2019 North American Class C Champ., Section S93021"]
[Site "CCLA"]
[Date "2019.04.22"]
[Round "1"]
[White "Hodgkins, Neil C."]
[Black "Vecchio, Ralph"]
[Result "1-0"]
[WhiteElo "1474"]
[BlackElo "1472"]

1. d4 d5 2. c4 c6 3. Nf3 Nf6 4. Bf4 e6 5. a3 c5 6. cxd5 exd5 7. Nc3 Nc6 8.
 e3 c4 9. Be2 Be7 10. O-O b6 11. h3 Bf5 12. g4 Be4 13. Nd2 Qd7 14. f3 Bd3 
15. Bxd3 cxd3 16. Nb3 h5 17. Kf2 hxg4 18. hxg4 g5 19. Bg3 Bd6 20. Rh1 
Bxg3+ 21. Kxg3 Qd6+ 22. Kg2 O-O-O 23. Nd2 Rde8 24. Nb5 Qd7 25. Qe1 a6 26. 
Nc3 Ne7 27. Rc1 Kb8 28. Qg3+ Kc8 29. Nxd5+ Nc6 30. Nxb6+ Kd8 31. Nxd7 Kxd7
32. Kf2 Nd5 33. Ne4 Nf4 34. Nf6+ Kc7 35. Nxe8+ 1-0

[Event "2019 North American Class C Champ., Section S93021"]
[Site "CCLA"]
[Date "2019.04.22"]
[Round "1"]
[White "Hodgkins, Neil C."]
[Black "McLaughlin, Ed"]
[Result "0-1"]
[WhiteElo "1474"]
[BlackElo "1630"]

1. d4 Nf6 2. c4 d5 3. Nf3 g6 4. Bf4 Bg7 5. e3 O-O 6. Be2 c5 7. O-O cxd4 8.
 exd4 Nc6 9. Nc3 dxc4 10. Bxc4 e6 11. Re1 a6 12. Ne2 b5 13. Bb3 Bb7 14. 
Rc1 Rc8 15. a3 Ne7 16. Ne5 Ned5 17. Bg3 Ne4 18. Qd3 Nxg3 19. Nxg3 Nf4 20. 
Qd1 Bxe5 21. dxe5 Rxc1 22. Qxc1 Nxg2 23. Rd1 Qh4 24. Qc7 Bf3 25. Rd3 Ne1 
26. Re3 Qh3 0-1

[Event "2019 North American Class C Champ., Section S93021"]
[Site "CCLA"]
[Date "2019.04.22"]
[Round "1"]
[White "Hodgkins, Neil C."]
[Black "Gunning, Edward E."]
[Result "1-0"]
[WhiteElo "1474"]
[BlackElo "1474"]

1. d4 d5 2. c4 Nf6 3. Nf3 Nc6 4. e3 Bf5 5. Be2 Nb4 6. Qa4+ Nc6 7. Nbd2 Qd7
8. O-O e5 9. cxd5 Qxd5 10. Nxe5 Bd7 11. Nxd7 Nxd7 12. a3 Be7 13. Bf3 Nb6 
14. Bxd5 Nxa4 15. Bxc6+ bxc6 16. Nb3 Rb8 17. Na5 Rb6 18. Nc4 Rb5 19. Rb1 
Bd6 20. b3 Nb6 21. Nxd6+ cxd6 22. Bd2 O-O 23. Rfc1 Rc8 24. e4 Rh5 25. a4 
f5 26. a5 Nd7 27. exf5 Rxf5 28. b4 a6 29. g4 Rb5 30. Kg2 c5 31. dxc5 dxc5 
32. bxc5 Rcxc5 33. Rxb5 Rxb5 34. Rc6 Nb8 35. Rb6 Rxb6 36. axb6 Nc6 37. b7 
a5 38. Bxa5 1-0

[Event "2019 North American Class C Champ., Section S93021"]
[Site "CCLA"]
[Date "2019.04.22"]
[Round "1"]
[White "Hodgkins, Neil C."]
[Black "Nurmi, Ronald"]
[Result "1/2-1/2"]
[WhiteElo "1474"]
[BlackElo "1499"]

1. d4 d5 2. c4 c6 3. Nf3 dxc4 4. Nc3 b5 5. e4 Nf6 6. Bf4 Bg4 7. Be2 e6 8. 
a3 Be7 9. O-O O-O 10. Re1 Nbd7 11. h3 Bxf3 12. Bxf3 a5 13. e5 Nd5 14. Nxd5
cxd5 15. Qc2 Rc8 16. Rac1 Qb6 17. Be3 Rc7 18. Ra1 Rfc8 19. Be2 Nf8 20. 
Rec1 b4 21. axb4 axb4 22. b3 c3 23. Ra6 Qb7 24. Rca1 Rc6 25. Ra7 Qb8 26. 
Rxe7 R6c7 27. Rxc7 Qxc7 28. Bd3 g6 29. Bg5 Qb6 30. Be3 Qc6 31. Bg5 Nd7 32.
 Ra5 Qb6 33. Ra4 Kg7 34. Be3 Rb8 35. g4 Rc8 36. h4 Nf8 37. Ra1 Qb7 38. Rc1
Ra8 39. h5 Qe7 40. hxg6 hxg6 41. g5 Nh7 42. f4 Qd8 43. Qh2 Qh8 44. Qh6+ 
Kg8 45. Bc2 Qg7 46. Qxg7+ Kxg7 47. Kg2 Nf8 48. Kg3 Ra6 49. Bd3 1/2-1/2

[Event "2019 North American Class C Champ., Section S93021"]
[Site "CCLA"]
[Date "2019.04.22"]
[Round "1"]
[White "Nurmi, Ronald"]
[Black "Vecchio, Ralph"]
[Result "1-0"]
[WhiteElo "1499"]
[BlackElo "1472"]

1. d4 d5 2. Bf4 Nf6 3. e3 e6 4. Nd2 c5 5. c3 Nc6 6. Ngf3 Bd6 7. Bg3 O-O 8.
 Bb5 a6 9. Bxc6 bxc6 10. Qa4 cxd4 11. cxd4 Be7 12. Qxc6 Bd7 13. Qc3 Rc8 
14. Qb3 Rb8 15. Bxb8 Qxb8 16. Qxb8 Rxb8 17. b3 Bb5 18. a4 Bd3 19. Ne5 Rc8 
20. Nxd3 Bd6 21. O-O Rc3 22. Ne1 Bb4 23. Nef3 h6 24. Rac1 1-0

[Event "2019 North American Class C Champ., Section S93021"]
[Site "CCLA"]
[Date "2019.04.22"]
[Round "1"]
[White "Nurmi, Ronald"]
[Black "McLaughlin, Ed"]
[Result "0-1"]
[WhiteElo "1499"]
[BlackElo "1630"]

1. d4 Nf6 2. Nc3 g6 3. e4 d6 4. f4 Nbd7 5. Nf3 Bg7 6. e5 Ng4 7. Ng5 Nb6 8.
 e6 Nh6 9. exf7+ Nxf7 10. Nxf7 Kxf7 11. Be3 Bf5 12. Qf3 Qc8 13. O-O-O Bg4 
14. Qe4 Bxd1 15. Kxd1 c6 16. Be2 Re8 17. h3 Qf5 18. Qf3 Rad8 19. Bd3 Qh5 
20. g4 Qh4 21. g5 Qh5 22. Qxh5 gxh5 23. Rg1 Rh8 24. g6+ hxg6 25. Bxg6+ Ke6
26. f5+ Kd7 27. Bf7 Bf6 28. Be6+ Kc7 29. Ne4 Bh4 30. Ng5 Bxg5 31. Rxg5 Nd5
32. Bf2 Nf4 33. Bh4 Nxe6 34. fxe6 Rde8 35. Rg7 Kd8 36. Kd2 Rh6 37. Rg5 
Reh8 38. c3 Rxe6 39. Bg3 Rhh6 40. h4 Reg6 41. Bf4 Rxg5 0-1

[Event "2019 North American Class C Champ., Section S93021"]
[Site "CCLA"]
[Date "2019.04.22"]
[Round "1"]
[White "Nurmi, Ronald"]
[Black "Gunning, Edward E."]
[Result "1/2-1/2"]
[WhiteElo "1499"]
[BlackElo "1474"]

1. d4 d5 2. c4 Nf6 3. cxd5 Nxd5 4. e4 Nf6 5. Nc3 c6 6. Nf3 Bg4 7. Be2 e6 
8. O-O Be7 9. Be3 O-O 10. Qb3 Qc7 11. Rac1 a6 12. h3 Bxf3 13. Bxf3 b5 14. 
e5 Nfd7 15. Ne4 a5 16. Qc2 a4 17. a3 f6 18. exf6 Nxf6 19. Nxf6+ Bxf6 20. 
Bxc6 Nxc6 21. Qxc6 Qxc6 22. Rxc6 e5 23. dxe5 Bxe5 24. Rc2 Rab8 25. Rd1 Rb7
26. Rd5 Re8 27. Rcd2 Bf6 28. Kf1 b4 29. Bc5 bxa3 30. Bxa3 h6 31. Rc2 Ra8 
32. Rdc5 Bd4 33. Rc8+ Rxc8 34. Rxc8+ Kh7 35. Rc2 Rb3 36. Rd2 Bc3 37. Rc2 
Bb4 38. Bxb4 Rxb4 39. Ke2 Rb3 40. Rd2 h5 41. Kd1 a3 42. bxa3 1/2-1/2

[Event "2019 North American Class C Champ., Section S93021"]
[Site "CCLA"]
[Date "2019.04.22"]
[Round "1"]
[White "Nurmi, Ronald"]
[Black "Hodgkins, Neil C."]
[Result "1-0"]
[WhiteElo "1499"]
[BlackElo "1474"]

1. d4 Nf6 2. Nc3 g6 3. e4 d6 4. Bf4 e6 5. Nf3 c5 6. e5 cxd4 7. Nxd4 dxe5 
8. Bxe5 Bg7 9. Be2 O-O 10. O-O Nbd7 11. Bd6 Re8 12. Ndb5 Nd5 13. Nxd5 exd5
14. Nc7 Nb6 15. Nxe8 Qxe8 16. c3 Be6 17. Bc5 Qc6 18. Bd4 Rc8 19. Bxg7 Kxg7
20. Qd4+ Kf8 21. Qh8+ Ke7 22. Qxh7 Qd6 23. Qh4+ f6 24. Rad1 g5 25. Qh7+ 
Bf7 26. Qd3 Nc4 27. Qc2 Ne5 28. Rd2 Bg6 29. Qb3 b6 30. Rxd5 Bf7 31. Rxd6 
Bxb3 32. Rd4 Bxa2 33. Ra4 Bf7 34. Rxa7+ Kf8 35. f3 Rd8 36. Rd1 Rb8 37. Rd6
Kg7 38. Ra6 Bc4 39. Bxc4 Nxc4 40. Rd7+ Kg6 41. b3 Ne5 42. Rd6 Nf7 43. 
Rdxb6 Rxb6 44. Rxb6 Ne5 45. Kf2 Nd7 46. Rd6 Ne5 47. Ke3 Nf7 48. Rd2 Ne5 
49. Kd4 Kf5 50. c4 Kf4 51. Re2 Nc6+ 52. Kd5 Nb4+ 53. Ke6 1-0

[Event "Server NA Class D Final, S94009"]
[Site "CCLA"]
[Date "2019.06.10"]
[Round "2"]
[White "Acebo, Brian"]
[Black "Buganza, Nathan J."]
[Result "1-0"]
[WhiteElo "1409"]
[BlackElo "1393"]

1. e4 e5 2. Nf3 Nc6 3. d4 exd4 4. Nxd4 Nxd4 5. Qxd4 c6 6. Nc3 Qf6 7. Qd3 
Bb4 8. Bd2 Ne7 9. f3 O-O 10. a3 Ba5 11. b4 Bc7 12. Be2 Qd6 13. Qe3 Qf4 14.
 Qxf4 Bxf4 15. Bxf4 1-0

[Event "Server NA Class D Final, S94009"]
[Site "CCLA"]
[Date "2019.06.10"]
[Round "2"]
[White "Buganza, Nathan J."]
[Black "Acebo, Brian"]
[Result "0-1"]
[WhiteElo "1393"]
[BlackElo "1409"]

1. d4 d5 2. Nc3 Nf6 3. Nf3 Bg4 4. Bg5 h6 5. Bxf6 gxf6 6. e4 dxe4 7. Nxe4 
e6 8. c3 Bf5 9. Bd3 Rg8 10. g3 Be7 11. h3 Qd5 12. Qe2 Nc6 13. Ned2 O-O-O 
14. Bxf5 Qxf5 15. Qe4 Qxe4+ 16. Nxe4 f5 17. Ned2 f6 0-1

[Event "N. American Class D Server Ch, Rd 1 Sec 1"]
[Site "CCLA"]
[Date "2019.04.22"]
[Round "?"]
[White "Acebo, Brian"]
[Black "Lines, Daniel"]
[Result "1-0"]
[WhiteElo "1409"]
[BlackElo "1243"]

1. e4 e5 2. Nf3 Nc6 3. Bb5 a6 4. Ba4 b5 5. Bb3 Nf6 6. d3 h6 7. O-O Bc5 8. 
h3 O-O 9. Re1 Re8 10. Be3 Bxe3 11. Rxe3 Nd4 12. Nxd4 exd4 13. Re1 d6 14. 
Nd2 Be6 15. c3 Bxb3 16. Nxb3 c6 17. Nxd4 c5 18. Nf3 d5 19. exd5 Rxe1+ 20. 
Qxe1 Nxd5 21. Qe5 c4 22. dxc4 1-0

[Event "N. American Class D Server Ch, Rd 1 Sec 1"]
[Site "CCLA"]
[Date "2019.04.22"]
[Round "?"]
[White "Acebo, Brian"]
[Black "Jimenez, Jose"]
[Result "1-0"]
[WhiteElo "1409"]
[BlackElo "1205"]

1. e4 e5 2. Nf3 Bd6 3. Bc4 Nf6 4. d3 O-O 5. O-O Nc6 6. Bg5 a6 7. a3 b5 8. 
Bb3 h6 9. Be3 a5 10. d4 Nxe4 11. dxe5 Nxe5 12. Nxe5 Bxe5 13. Bd4 a4 14. 
Bxf7+ Rxf7 15. Bxe5 d6 16. Bd4 c5 17. Be3 Qh4 18. Nd2 Bg4 19. f3 Nxd2 20. 
Qxd2 Bf5 21. Rf2 Rd7 22. Qd5+ Rf7 23. Qxa8+ Rf8 24. Qd5+ Kh8 25. Qxd6 Rd8 
26. Qxc5 Bd7 27. Rd1 Qf6 28. c3 Rc8 29. Qd5 Bc6 30. Qd4 Qe6 31. Rfd2 Qe7 
32. Bxh6 Kh7 33. Bf4 Qc5 34. Qxc5 b4 35. Qh5+ Kg8 36. Rd8+ Be8 37. Qxe8+ 
Kh7 38. Qh5# 1-0